| 000 | 00849nam a22001931a 4500 | ||
|---|---|---|---|
| 003 | AM-YeHGA | ||
| 005 | 20260415105442.0 | ||
| 008 | 181106s1907 ru |||||r|||| 000|0|rus|d | ||
| 040 | _aAM-YeHGA | ||
| 041 | 0 | _arus | |
| 100 | 1 |
_aМинский, Николай Максимович, _d1856-1937 |
|
| 245 | 1 | 0 |
_aПолное собрание стихотворений : _bВ четырах томах / _cН. Минский. |
| 250 | _a4-е изд | ||
| 260 |
_aСанкт-Петербург : _bМ.В. Пирожков, _c1907. |
||
| 300 |
_aтом : _c20 см. |
||
| 505 | 0 | 0 |
_gТ. 1 (1907, 253 с.) : _tБелые ночи _gТ. 2 (1907, 160 с.) : _tИсторические драмы _gТ. 3 (1907, 235 с.) : _tПросветы _gТ. 4 (1907, 272 с.) : _tПесни любви |
| 650 | 1 | 4 | _aРусская литература |
| 942 |
_2udc _cBK |
||
| 999 |
_c438221 _d438221 |
||